00463nam a2200157Ia 4500100002000000650001000020942000700030366000700037245003000044260001400074082001500088300000800103546002500111999001700136952015200153 aSchroder/Carla  aLinux cBK f20 aLinux networking Cookbook bSPDc2008 a5.133bSCH a612 aENGLISHcelectronics c26300d26300 001040708CRCaCRCEbCRCEd2023-03-17eBook Service Syndicateg460.00i519 dt 28/03/2012l0o5.133 SCHp21916r2023-03-17v575.00w0000-00-00yBK